Psychológia

Enregistré dans:
Détails bibliographiques
Auteur principal: Pardel, Tomáš
Format: Livre
Langue:slovaque
Publié: Bratislava Psychodiagnostické a didaktické testy 1982
Tags: Ajouter un tag
Pas de tags, Soyez le premier à ajouter un tag!

MARC

LEADER 00000nam a2200000 4500
001 c132221
005 20041019155254.5
041 0 |a slo 
044 |a SK 
245 1 0 |a Psychológia  |c Tomáš Pardel 
264 1 |a Bratislava  |b Psychodiagnostické a didaktické testy  |c 1982 
300 |a 489 s. 
100 1 |a Pardel, Tomáš